[Event "Wolfsburg op-B"]
[Site "Wolfsburg"]
[Date "2024.11.15"]
[Round "1"]
[White "Adhitya, Ramachandran Madhuk"]
[Black "Kesselhut, Pascal"]
[Result "0-1"]
[WhiteElo "1616"]
[BlackElo "1755"]
[PlyCount "128"]
[EventDate "2024.11.15"]
[EventType "swiss"]
[EventRounds "5"]
[EventCountry "GER"]
[SourceTitle "CB49_2024"]
[SourceDate "2024.12.04"]
[SourceVersion "1"]
[SourceVersionDate "2024.12.04"]
[SourceQuality "1"]

1. d4 d5 2. Nf3 c5 3. Bg5 Qb6 4. b3 Bf5 5. e3 e6 6. Bd3 Bxd3 7. Qxd3 Nc6 8. c3 cxd4 9. exd4 Bd6 10. Nbd2 Nge7 11. 0-0 0-0 12. Rfe1 Rac8 13. b4 Qc7 14. Nb3 b6 15. Rac1 Ng6 16. g3 f6 17. Bd2 Qf7 18. b5 Nb8 19. c4 dxc4 20. Rxc4 e5 21. Rec1 e4 22. Qf1 Rxc4 23. Rxc4 exf3 24. Rc3 Qd5 25. Re3 Rc8 26. Rc3 Rxc3 27. Bxc3 Nd7 28. Qd1 Ndf8 29. Nd2 Ne6 30. Nxf3 Qxb5 31. Qd2 Qb1+ 32. Kg2 Qe4 33. Kf1 Qxf3 34. d5 Nc5 35. h4 Ne4 36. Qe1 Qh1+ 37. Ke2 Qxe1+ 38. Bxe1 Kf7 39. Ke3 Nc5 40. f4 f5 41. Bc3 Ne4 42. Be1 Bc5+ 43. Kf3 Ne7 44. g4 g6 45. h5 Nxd5 46. hxg6+ hxg6 47. gxf5 gxf5 48. a4 Kg6 49. a5 b5 50. a6 Nc7 51. Ke2 Nxa6 52. Kd3 Nb4+ 53. Ke2 a5 54. Kd1 Be3 55. Bxb4 axb4 56. Kc2 Bxf4 57. Kb3 Bd2 58. Kc2 f4 59. Kd3 Kf5 60. Ke2 b3 61. Kd1 Be3 62. Ke1 b2 63. Ke2 b1Q 64. Kf3 Qf1# 0-1